A design guide for the use of colour and contrast to improve the built environment for visually impaired people (Record no. 101985)

MARC details
000 -LEADER
fixed length control field 01164cam a2200289 4500
001 - CONTROL NUMBER
control field E10591
008 - FIXED-LENGTH DATA ELEMENTS--GENERAL INFORMATION
fixed length control field 020405n1997 000 0 eng u
035 ## - SYSTEM CONTROL NUMBER
System control number (Sirsi) u117381
041 ## - LANGUAGE CODE
Language code of text/sound track or separate title eng
050 ## - LIBRARY OF CONGRESS CALL NUMBER
Classification number 725.54
100 ## - MAIN ENTRY--PERSONAL NAME
Personal name Bright, K.
110 ## - MAIN ENTRY--CORPORATE NAME
Corporate name or jurisdiction name as entry element ICI Paints
9 (RLIN) 4211
245 #2 - TITLE STATEMENT
Title A design guide for the use of colour and contrast to improve the built environment for visually impaired people
260 ## - PUBLICATION, DISTRIBUTION, ETC.
Place of publication, distribution, etc. Slough
Name of publisher, distributor, etc. Dulux Technical Group
Date of publication, distribution, etc. 1997
300 ## - PHYSICAL DESCRIPTION
Extent 63p. : ill. ; 30cm.
350 ## - PRICE (NR) (BK AM CF MU VM SE) [OBSOLETE]
Price £15.00
520 ## - SUMMARY, ETC.
Summary, etc. Design guide based on findings from Project Rainbow, carried out at University of Reading, Department of Construction Management and Engineering. Includes navigation, lighting, colour differentiation, critical surfaces, general obstacles and furniture, and colour schemes
650 ## - SUBJECT ADDED ENTRY--TOPICAL TERM
Topical term or geographic name entry element BLIND PEOPLE
650 ## - SUBJECT ADDED ENTRY--TOPICAL TERM
Topical term or geographic name entry element BUILT ENVIRONMENT
650 ## - SUBJECT ADDED ENTRY--TOPICAL TERM
Topical term or geographic name entry element COLOUR SELECTION
650 ## - SUBJECT ADDED ENTRY--TOPICAL TERM
Topical term or geographic name entry element MANAGEMENT-BUSINESS MANAGEMENT-DISCRIMINATION-DISABILITY DISCRIMINATION-ACCESSIBILITY
650 ## - SUBJECT ADDED ENTRY--TOPICAL TERM
Topical term or geographic name entry element HEALTH AND SAFETY
9 (RLIN) 6244
650 ## - SUBJECT ADDED ENTRY--TOPICAL TERM
Topical term or geographic name entry element PAINT
650 ## - SUBJECT ADDED ENTRY--TOPICAL TERM
Topical term or geographic name entry element VISUALLY IMPAIRED PEOPLE
690 ## - LOCAL SUBJECT ADDED ENTRY--TOPICAL TERM (OCLC, RLIN)
Topical term or geographic name as entry element BUILT ENVIRONMENT-BUILDING MATERIALS
942 ## - ADDED ENTRY ELEMENTS (KOHA)
Suppress in OPAC 0
Holdings
Withdrawn status Lost status Source of classification or shelving scheme Damaged status Not for loan Home library Current library Shelving location Date acquired Total Checkouts Full call number Barcode Date last seen Date last checked out Copy number Price effective from Koha item type
    Dewey Decimal Classification     London London Folio 09/07/2002 2 F725.54 BRI 30066223 06/08/2019 29/03/2006 1 06/08/2019 Book